000 00593nam a2200241Ia 4500
005 20260123164124.0
008 008 260114s9999 xx 000 0 eng d
020 _a9789390464890
037 _aEBOOK
040 _aCRL
040 _beng
040 _cCRL
041 _2eng
041 _aeng
084 _qCRL
100 _aBanerjee Bhabatosh
_91106170
245 0 _aFundamentals of financial management - banerjee, 2e
260 _bPHI
856 _uhttps://elibrary.phindia.com/ebooks/reader/9789390464890
942 _cEBOOK
999 _c1671293
_d1671293